000 00267nam a22001217a 4500
082 _a823
_bSTE/T
100 _aSTEVESON, R L
245 _aTREASURE ISLAND
260 _aCALICUT
_bUNIVERSITY PRESS
_c1996
300 _a136
650 _aENGLISH STORY
_zINDIA
942 _cBK
999 _c7280
_d7280